000 00696nam a2200241Ia 4500
003 OSt
005 20220926030222.0
006 a|||||r|||| 00| 0
007 ta
008 220923b |||||||| |||| 00| 0 eng d
037 _cGeneral Book
040 _aRTL
_cRTL
_beng
041 _2eng
_aeng
082 _aY5.73.N7, L6
100 _aDuberman Lucile
_9135431
245 0 _aSocial inequality
_b Class and caste in America
260 _aPhiladelphia
_bLippincott
_c1976
300 _ax,314p
_ccm.
500 _aBibliography chapterwise
650 _aSocial Stratification
_9229881
942 _hY5.73.N7, L6
_cGB
_2CC
999 _c649011
_d649011